| 000 | 00645nam a2200193Ia 4500 | ||
|---|---|---|---|
| 003 | GCL | ||
| 005 | 20240530105030.0 | ||
| 008 | 140319s9999 xx 000 0 ara d | ||
| 040 |
_aGCL / _cGCL |
||
| 082 | 0 | 4 |
_a320.1 _bم ق |
| 100 | 1 | _aملحم قربان | |
| 245 | 1 | 0 |
_aقضايا الفكر السياسى : القانون الطبيعى / _cملحم قربان |
| 260 |
_a[S.N] : _bالمؤسسة الجامعية للدراسات والنشر والتوزيع ، _c1982 |
||
| 300 | _a199 ص | ||
| 490 | 0 | _aقضايا الفكر السياسى | |
| 650 | 0 | 4 | _aالسياسة |
| 650 | 0 | 4 | _aالنظم السياسية |
| 942 |
_2ddc _cBK |
||
| 999 |
_c52636 _d52636 |
||